Údaje zo skenerov a cenové indexy

Článok sa zaoberá metodologickými aj praktickými otázkami implementácie nových zdrojov údajov, tzv. údajov zo skenerov do produkcie cenovej štatistiky a zároveň prezentuje výsledky experimentálnej štúdie, ktorá bola vykonaná na reálnych transakčných údajoch piatich obchodných reťazcov. Poukazuje na...

Description complète

Enregistré dans:
Détails bibliographiques
Auteur principal: Glaser-Opitzová, Helena, 1964-
Format: Chapitre de livre
Langue:slovaque
Sujets:
Tags: Ajouter un tag
Pas de tags, Soyez le premier à ajouter un tag!

MARC

LEADER 00000naa$a2200000$$$4500
001 0289424
005 20240502074433.1
041 0 |a slo 
044 |a SK 
245 1 0 |a Údaje zo skenerov a cenové indexy  |c Helena Glaser-Opitzová 
520 |a Článok sa zaoberá metodologickými aj praktickými otázkami implementácie nových zdrojov údajov, tzv. údajov zo skenerov do produkcie cenovej štatistiky a zároveň prezentuje výsledky experimentálnej štúdie, ktorá bola vykonaná na reálnych transakčných údajoch piatich obchodných reťazcov. Poukazuje na výhody ich použitia, ale zároveň upozorňuje aj na možné riziká a nezodpovedané otázky najmä vo vzťahu k výberu vhodného indexu na úrovni elementárneho agregátu. 
610 2 0 |a ceny spotrebiteľské 
610 2 0 |a index cien spotrebiteľských 
610 2 0 |a štatistika cenová 
610 2 0 |a reťazce obchodné 
100 1 |a Glaser-Opitzová, Helena, 1964-